Mistrzowie lig europejskich - piłka nożna - Statystyki

Ogólne statystyki
  • Ten quiz został rozwiązany 1 218 razy
    100 od ostatniego zresetowania
  • Średni wynik to 26 z 55
Statystyki odpowiedzi
Kraj Tytuły mistrzowskie Najbardziej utytułowany zespół % Poprawnych
Anglia 20 Manchester United
97%
Polska 15 Legia Warszawa
94%
Hiszpania 35 Real Madryt
93%
Francja 11 Paris Saint-Germain
92%
Holandia 29 Ajax Amsterdam
91%
Niemcy 32 Bayern Monachium
91%
Włochy 36 Juventus FC
84%
Portugalia 38 SL Benfica
84%
Chorwacja 24 Dinamo Zagrzeb
81%
Dania 15 FC Kopenhaga
77%
Czechy 13 Sparta Praga
77%
Szkocja 55 Rangers FC
76%
Grecja 47 Olympiakos SFP
74%
Belgia 34 RSC Anderlecht
73%
Finlandia 31 HJK Helsinki
66%
Serbia 13 Crvena Zvezda Belgrad
65%
Bułgaria 31 CSKA Sofia
65%
Ukraina 16 Dynamo Kijów
65%
Turcja 23 Galatasaray SK
60%
Austria 17 Red Bull Salzburg
60%
Rumunia 26 FCSB
58%
Cypr 28 APOEL FC
55%
Liechtenstein 49 FC Vaduz
51%
Kazachstan 7 FK Astana
49%
Słowacja 13 Slovan Bratysława
49%
Szwecja 22 Malmo FF
45%
Białoruś 15 BATE Borysów
43%
Węgry 34 Ferencvarosi TC
42%
Rosja 10 Spartak Moskwa
42%
Albania 26 KF Tirana
40%
Azerbejdżan 10 Karabach Agdam
38%
Gibraltar 27 Lincoln FC
38%
Norwegia 26 Rosenborg BK
36%
Mołdawia 20 Sheriff Tyraspol
36%
Izrael 24 Maccabi Tel Awiw
35%
Estonia 14 Flora Tallinn
34%
Słowenia 16 NK Maribor
28%
Gruzja 19 Dinamo Tbilisi
27%
Islandia 27 KR Reykjavik
27%
Litwa 10 Zalgiris Wilno
26%
Kosowo 20 FC Prisztina
20%
Bośnia i Hercegowina 8 Zrinjski Mostar
20%
Irlandia 20 Shamrock Rovers
19%
Łotwa 15 Skonto Ryga
18%
Macedonia Północna 11 Wardar Skopje
18%
Walia 15 The New Saints FC
14%
Szwajcaria 27 Grasshopper Club
13%
Armenia 15 Piunik Erywań
13%
Czarnogóra 6 Buducnost Podgorica
11%
San Marino 8 SP Tre Fiori
10%
Wyspy Owcze 24 HB Torshavn
9%
Irlandia Północna 56 Linfield
9%
Andora 13 FC Santa Coloma
7%
Malta 26 Sliema Wanderers FC/Floriana FC
2%
Luksemburg 28 Jeunesse Esch
1%
Nie znaleziono quizów pasujących do podanych kryteriów
Rozkład punktacji
Procent ludzi z każdym wynikiem
Percentyl według liczby udzielonych odpowiedzi
Twoja historia wyników
Nie rozwiązałeś tego quizu od ostatniego zresetowania